Daňové prázdniny pre zahraničných investorov sa nerušia
Nový zákon o investičných stimuloch. Novelizovaný zákon o daniach z príjmov. Novelizovaný zákon o zamestnanosti. Kontrola poskytnutia investičných stimulov. Ako ďalej s poskytnutými daňovými úľavami v Slovenskej republike v súvislosti s novelou zákona o daniach z príjmov (zákon č. 472/2002 Z.z.) a n...
Salvato in:
| Natura: | Capitolo di libro |
|---|---|
| Lingua: | slovacco |
| Soggetti: | |
| Tags: |
Nessun Tag, puoi essere il primo ad aggiungerne!!
|
MARC
| LEADER | 00000naa a2200000 4500 | ||
|---|---|---|---|
| 001 | r047181 | ||
| 005 | 20230927070915.7 | ||
| 041 | 0 | |a slo | |
| 044 | |a SK | ||
| 245 | 1 | 0 | |a Daňové prázdniny pre zahraničných investorov sa nerušia |
| 520 | |a Nový zákon o investičných stimuloch. Novelizovaný zákon o daniach z príjmov. Novelizovaný zákon o zamestnanosti. Kontrola poskytnutia investičných stimulov. Ako ďalej s poskytnutými daňovými úľavami v Slovenskej republike v súvislosti s novelou zákona o daniach z príjmov (zákon č. 472/2002 Z.z.) a novelou zákona č. 231/1999 Z.z. o štátnej pomoci v znení neskorších predpisov. Vplyv pripravovaného vstupu Slovenska do EÚ. | ||
| 610 | 2 | 0 | |a dane z príjmov |
| 610 | 2 | 0 | |a pomoc štátna |
| 610 | 2 | 0 | |a zákony |
| 610 | 2 | 0 | |a novelizácia |
| 610 | 2 | 0 | |a úľavy daňové |
| 610 | 2 | 0 | |a investori |
| 610 | 2 | 0 | |a stimuly |
| 610 | 2 | 0 | |a úver daňový |
| 610 | 2 | 0 | |a miesta pracovné |
| 610 | 2 | 0 | |a rekvalifikácia |